000 00922nam a2200301 a 4500
001 000036051
003 DO-SdBNP
005 20171103083557.0
007 000036051
008 111125s2003 dr a 000 0 spa d
040 _aBPMSU
_bspa
_cBPMSU
082 4 _aXXX
_bM491, 2003
092 _b
100 1 _aPrud' homme, Emilio
245 1 0 _a Nuestro himno nacional /
_cTomás Castro Burdiez, José Reyes Rufino ; ilustraciones Ohanda Coste
260 _aSanto Domingo :
_bFundación Educarte,
_c2003.
300 _a22 p. :
_bil.,
_c29 cm.
490 1 _aInfantil Educarte
_v4
700 1 2 _aCoste, Ohanda,
_cil.
700 _4Castro Burdiez, Tomás
_eed.
700 _4Reyes Rufino, José
830 0 _aInfantil educarte
_v4
930 1 _l
_m
_8
_f
_p
_g
942 _2ddc
_cBK
945 _aInvetariado infantil dom / 2017 VM
956 _a
_b
_c
_l
_h
956 _aVMATEO
_b10
_c20150507
_lBPMSU
_h00151
999 _c7813
_d7813